000 00295nam a22001337a 4500
008 171228b xxu||||| |||| 00| 0 eng d
020 _a9780324272666
041 _aeng
080 _a330.722
100 _a61
101 _aKON
245 _aFINANCIAL ACCOUNTING
_cPORTER, G.A
942 _2udc
_cBK
999 _c39545
_d39545